LEADER 02598nam 2200601 a 450 001 9910451738403321 005 20200520144314.0 010 $a1-280-81940-5 010 $a9786610819409 010 $a0-8213-6924-5 035 $a(CKB)1000000000473211 035 $a(EBL)459690 035 $a(OCoLC)124530977 035 $a(SSID)ssj0000088651 035 $a(PQKBManifestationID)11126542 035 $a(PQKBTitleCode)TC0000088651 035 $a(PQKBWorkID)10084073 035 $a(PQKB)10924017 035 $a(MiAaPQ)EBC459690 035 $a(Au-PeEL)EBL459690 035 $a(CaPaEBR)ebr10170954 035 $a(CaONFJC)MIL81940 035 $a(EXLCZ)991000000000473211 100 $a20061002d2007 uf 0 101 0 $aeng 135 $aur|n|---||||| 181 $ctxt 182 $cc 183 $acr 200 00$aParticipatory budgeting$b[electronic resource] /$fedited by Anwar Shah 210 $aWashington, D.C. $cWorld Bank$dc2007 215 $a1 online resource (300 p.) 225 1 $aPublic sector governance and accountability series 300 $aDescription based upon print version of record. 311 $a0-8213-6923-7 320 $aIncludes bibliographical references and index. 327 $aContents; Foreword; Preface; Acknowledgments; Contributors; Abbreviations and Acronyms; Overview; Part I Introduction to Participatory Budgeting; TABLES; FIGURES; Part II Regional Surveys; BOXES 330 $aIn the past three or four decades, public finance theorists and practitioners have struggled to identify and design institutional arrangements to help close the gap between the preferences of voters and the mix of public services actually delivered. Participatory budgeting is potentially a good approach. This book presents an authoritative guide to the principles and practice of participatory budgeting, providing a careful analysis of the potentials of participatory budgeting in strengthening inclusive and accountable governance as well as risks associated with interest group capture of partic 410 0$aPublic sector governance and accountability series. 606 $aLocal budgets$xCitizen participation$vCase studies 606 $aLocal finance$vCase studies 608 $aElectronic books. 615 0$aLocal budgets$xCitizen participation 615 0$aLocal finance 676 $a352.4/8214 701 $aShah$b Anwar$0125713 801 0$bMiAaPQ 801 1$bMiAaPQ 801 2$bMiAaPQ 906 $aBOOK 912 $a9910451738403321 996 $aParticipatory budgeting$92168432 997 $aUNINA LEADER 01872nas 2200541-a 450 001 996336171903316 005 20240413015039.0 011 $a2049-2154 035 $a(CKB)2560000000093636 035 $a(CONSER)--2012243584 035 $a(EXLCZ)992560000000093636 100 $a20111116a20119999 --- a 101 0 $aeng 135 $aur||||||||||| 181 $ctxt$2rdacontent 182 $cc$2rdamedia 183 $acr$2rdacarrier 200 00$aContemporary hypnosis & integrative therapy 210 $aBancyfelin $cCrown House$d2011- 215 $a1 online resource 300 $aRefereed/Peer-reviewed 311 08$aPrint version: Contemporary hypnosis & integrative therapy. 2049-2146 (DLC) 2012243584 (OCoLC)762987449 517 1 $aContemporary hypnosis and integrative therapy 517 1 $aContemporary hypnosis 531 10$aContemp Hypn Integr Ther 531 0 $aContemp. hypn. integr. ther. 606 $aHypnotism$xTherapeutic use$vPeriodicals 606 $aEclectic psychotherapy$vPeriodicals 606 $aEclectic psychotherapy$2fast$3(OCoLC)fst00901407 606 $aHypnotism$xTherapeutic use$2fast$3(OCoLC)fst00965942 606 $aHypnosis 606 $aPsychotherapy$xmethods 608 $aPeriodicals.$2fast 608 $aPeriodicals. 615 0$aHypnotism$xTherapeutic use 615 0$aEclectic psychotherapy 615 7$aEclectic psychotherapy. 615 7$aHypnotism$xTherapeutic use. 615 12$aHypnosis. 615 22$aPsychotherapy$xmethods. 676 $a615.8512 712 02$aBritish Society of Clinical and Academic Hypnosis. 712 02$aEuropean Society of Hypnosis in Psychotherapy and Psychosomatic Medicine. 906 $aJOURNAL 912 $a996336171903316 920 $aexl_impl conversion 996 $aContemporary hypnosis & integrative therapy$92074514 997 $aUNISA